000 00575nam a22002057a 4500
003 OSt
005 20160316174641.0
008 160316b xxu||||| |||| 00| 0 eng d
020 _a0199274991
040 _cDDC
082 _a546.2 VAN 2005
100 _aVanloon, Gary W.; Duffy, Stephen J.
_97370
245 _aEnvironmental Chemistry: a global perspective
250 _a2nd ed.
260 _aOxford University Press, 2005
300 _axvi,515p; ill: 24.5cm
504 _aAppendices, & index included
650 _aEnvironmental Chemistry
_94192
942 _2z
_cO_SHELF
999 _c3284
_d3284